| АИС "Историко-культурное наследие Беларуси" | ||
| Базовый | Расширенный | Профессиональный | Словарь персоналий | Тематический словарь | По видам объектов | История запросов Заказы | Регистрация | |
Запись в MARC-формате
| копировать MARC-запись |
=LDR 00000nx\\c2200217\\\45\\
=001 BY-NLB-ar3287830
=005 20160330095632.8
=100 \\$a20091006arusy50\\\\\\ca0
=152 \\$apsbo
=160 \\$ae-bw
=215 \\$aКостел Внебовзятия Найсвятейшей Девы Марии (Одельск, деревня; Гродненский район)
=300 1\$aПамятник деревянного зодчества с элементами стиля барокко. Построен в середине 18 в., в 1898 г. восстановлен.
=415 \\$aКостел Вознесения Пресвятой Девы Марии (Одельск, деревня; Гродненский район)
=415 \\$aОдельский костел Вознесения Пресвятой Девы Марии
=515 \\$5w$3BY-NLB-ar3287841$aКасцёл Унебаўзяцця Найсвяцейшай Дзевы Марыі (Адэльск, вёска; Гродзенскі раён)
=801 \0$aBY$bBY-HM0000$c20091006
=810 \\$aТуристская энциклопедия Беларуси. — Минск, 2007.
=810 \\$aКаталіцкія храмы Беларусі / А. М. Кулагін. — Мінск, 2008.
=810 \\$aАрхітэктура Беларусі : энцыклапедычны даведнік. — Мінск, 1993.
=810 \\$aРеспублика Беларусь : энциклопедия. [В 7 т.]. Т. 5. — Минск, 2007.
=999 \\$f40$t20091006
Чтобы вернуться назад, щелкните кнопку BACK на Вашем браузере